<?xml version="1.0" encoding="UTF-8"?>
<record
    xmlns:xsi="http://www.w3.org/2001/XMLSchema-instance"
    xsi:schemaLocation="http://www.loc.gov/MARC21/slim http://www.loc.gov/standards/marcxml/schema/MARC21slim.xsd"
    xmlns="http://www.loc.gov/MARC21/slim">

  <leader>02021nam a2200325 a 4500</leader>
  <controlfield tag="001">17825</controlfield>
  <controlfield tag="003">BD-RjUL</controlfield>
  <controlfield tag="005">20211209000210.0</controlfield>
  <controlfield tag="008">140219s1962    nyuf     b    011 0 eng</controlfield>
  <datafield tag="035" ind1=" " ind2=" ">
    <subfield code="a">62-07773</subfield>
  </datafield>
  <datafield tag="035" ind1=" " ind2=" ">
    <subfield code="a">(BD-RjUL)17883</subfield>
  </datafield>
  <datafield tag="040" ind1=" " ind2=" ">
    <subfield code="a">BD-RjUL</subfield>
    <subfield code="b">eng</subfield>
    <subfield code="c">BD-RjUL</subfield>
    <subfield code="d">BD-RjUL</subfield>
  </datafield>
  <datafield tag="041" ind1=" " ind2=" ">
    <subfield code="a">eng</subfield>
  </datafield>
  <datafield tag="082" ind1=" " ind2=" ">
    <subfield code="a">820.9</subfield>
    <subfield code="b">REA</subfield>
  </datafield>
  <datafield tag="245" ind1="0" ind2="0">
    <subfield code="a">Reason and the imagination :</subfield>
    <subfield code="b">studies in the history of ideas, 1600-1800 /</subfield>
    <subfield code="c">edited by J. A. Mazzeo.</subfield>
  </datafield>
  <datafield tag="260" ind1=" " ind2=" ">
    <subfield code="a">New York :</subfield>
    <subfield code="b">Columbia University Press ;</subfield>
    <subfield code="a">London :</subfield>
    <subfield code="b">Routledge &amp; Kegan Paul,</subfield>
    <subfield code="c">1962.</subfield>
  </datafield>
  <datafield tag="300" ind1=" " ind2=" ">
    <subfield code="a">viii, 321 p. :</subfield>
    <subfield code="b">plates ;</subfield>
    <subfield code="c">23 cm.</subfield>
  </datafield>
  <datafield tag="500" ind1=" " ind2=" ">
    <subfield code="a">The studies are in honor of Marjorie Hope Nicolson.</subfield>
  </datafield>
  <datafield tag="504" ind1=" " ind2=" ">
    <subfield code="a">Bibliographical footnotes and index.</subfield>
  </datafield>
  <datafield tag="505" ind1="0" ind2=" ">
    <subfield code="a">Noble numbers and the poetry of devotion, by M. K. Starkman.--Cromwell as Davidic king, by J. A. Mazzeo.--The isolation of the Renaissance hero, by D. Bush.--The humanistic defence of learning in the mid-seventeenth century, by R. F. Jones.--Some paradoxes in the language of things, by R. L. Colie.--Milton's dialogue on astronomy, by A. O. Lovejoy.--Music, mirth, and Galenic tradition in England, by G. L. Finney.--Eve and Dalila: renovation and the hardening of the heart, by M. A. N. Radzinowicz.--The bird, the blind bard, and the fortunate fall, by A. D. Ferry.--The tragedy of God's Englishman, by W. Haller.--The Augustan conception of history, by H. Davis.--The Houyhnhnms, the Yahoos, and the history of ideas, by R. S. Crane.--Locke and Sterne, by E. Tuveson.--Literary criticism and artistic interpretation: eighteenth-century English illustrations of "The seasons," by</subfield>
  </datafield>
  <datafield tag="600" ind1="1" ind2="0">
    <subfield code="a">Nicolson, Marjorie Hope,</subfield>
    <subfield code="d">1894-1981.</subfield>
    <subfield code="9">55010</subfield>
  </datafield>
  <datafield tag="650" ind1=" " ind2="0">
    <subfield code="a">Seventeenth century</subfield>
    <subfield code="9">55005</subfield>
  </datafield>
  <datafield tag="650" ind1=" " ind2="0">
    <subfield code="a">Eighteenth century</subfield>
    <subfield code="9">610</subfield>
  </datafield>
  <datafield tag="651" ind1=" " ind2="0">
    <subfield code="a">Great Britain</subfield>
    <subfield code="x">Intellectual life</subfield>
    <subfield code="y">17th century.</subfield>
    <subfield code="9">55006</subfield>
  </datafield>
  <datafield tag="651" ind1=" " ind2="0">
    <subfield code="a">Great Britain</subfield>
    <subfield code="x">Intellectual life</subfield>
    <subfield code="y">18th century.</subfield>
    <subfield code="9">55007</subfield>
  </datafield>
  <datafield tag="700" ind1="1" ind2=" ">
    <subfield code="a">Mazzeo, Joseph Anthony,</subfield>
    <subfield code="d">1923-</subfield>
    <subfield code="9">55008</subfield>
  </datafield>
  <datafield tag="942" ind1=" " ind2=" ">
    <subfield code="2">ddc</subfield>
    <subfield code="c">BK</subfield>
  </datafield>
  <datafield tag="999" ind1=" " ind2=" ">
    <subfield code="c">17825</subfield>
    <subfield code="d">17825</subfield>
  </datafield>
  <datafield tag="952" ind1=" " ind2=" ">
    <subfield code="0">0</subfield>
    <subfield code="1">0</subfield>
    <subfield code="2">ddc</subfield>
    <subfield code="4">0</subfield>
    <subfield code="7">1</subfield>
    <subfield code="8">FIC</subfield>
    <subfield code="a">RUCL</subfield>
    <subfield code="b">RUCL</subfield>
    <subfield code="c">Reading</subfield>
    <subfield code="d">1971-01-14</subfield>
    <subfield code="e">Zeitlinger</subfield>
    <subfield code="g">55.00</subfield>
    <subfield code="l">0</subfield>
    <subfield code="o">820.9 REA 1962</subfield>
    <subfield code="r">2014-02-19 00:00:00</subfield>
    <subfield code="t">C-1</subfield>
    <subfield code="w">2014-02-19</subfield>
    <subfield code="y">BK</subfield>
  </datafield>
</record>
